000 00257nam a2200121 a 4500
005 20141022142000.0
008 090305s19uu xx 00 eng d
050 _aVHS
_bG35 1990
245 _aHamlet.
650 _aVHS.
650 _aHamlet
942 _cAVM
999 _c276210
_d276210